El Octavo informe de derechos humanos
Guardat en:
| Format: | Text |
|---|---|
| Matèries: | |
| Etiquetes: |
Afegir etiqueta
Sense etiquetes, Sigues el primer a etiquetar aquest registre!
|
MARC
| LEADER | 00000 a a2200000 04500 | ||
|---|---|---|---|
| 001 | 5799 | ||
| 003 | |||
| 040 | |||
| 245 | |a El Octavo informe de derechos humanos | ||
| 650 | |a DERECHOS HUMANOS | ||
| 650 | |a INFORMES | ||
| 650 | |a ORGANIZACIONES NO GUBERNAMENTALES | ||
| 650 | |a ONU | ||
| 773 | |g volumen 14, número 586; páginas 12-15 | ||
| 999 | |c 30634 |d 30634 | ||
